000 00705nam a2200253Ia 4500
003 OSt
005 20221005085124.0
006 a|||||r|||| 00| 0
007 ta
008 221004b |||||||| |||| 00| 0 eng d
020 _a0231050321
024 _a41088
037 _cTextual
040 _aCRL
_cCRL
_beng
041 _2eng
_aeng
082 _aO111,1:g(Y), M0
100 _aBrown Merle E
245 0 _aDouble lyric
_b Divisiveness and communal creativity in recent English poetry
260 _aNew York
_bColumbia USA
_c1980
300 _axv, 236p
_ccm.
650 _aENGLISH LITERATURE
942 _hO111,1:g(Y), M0
_cTEXL
_2cc
999 _c993754
_d993754